El coco, más que un fruto : una apuesta sostenible /

Detalles Bibliográficos
Autor principal: Cajigas Romero, Margot (Autor)
Formato: Electrónico eBook
Lenguaje:español
Publicado: Cali, Valle del Cauca, Colombia : Universidad Autónoma de Occidente, 2024.
Materias:
Acceso en línea:Digitalia Hispánica

MARC

LEADER 00000nam a2200000Ii 4500
001 DIGUAOCCTE0115
003 NyNyDIG
006 m o d
007 cr |||||||||||
008 250417s2024 ck ab ob 000 0 spa d
035 |a (OCoLC)1510037594 
040 |a DGITA  |b eng  |e rda  |e pn  |c DGITA 
020 |a 9789586191944  |q pdf 
020 |a 9789586191951  |q ePub 
050 1 4 |a SB401.C6 ebook 
100 1 |a Cajigas Romero, Margot,  |e author. 
245 1 3 |a El coco, más que un fruto :  |b una apuesta sostenible /  |c autores, Margot Cajigas Romero [and 3 others]. 
264 1 |a Cali, Valle del Cauca, Colombia :  |b Universidad Autónoma de Occidente,  |c 2024. 
300 |a 1 online resource :  |b illustrations, maps. 
336 |a text  |b txt  |2 rdacontent 
337 |a computer  |b c  |2 rdamedia 
338 |a online resource  |b cr  |2 rdacarrier 
347 |a text file  |2 rdaft 
347 |b PDF 
504 |a Includes bibliographical references. 
588 0 |a Online resource; title from PDF title page (Digitalia, viewed April 17, 2025) 
650 0 |a Coconut  |x Economic aspects. 
650 0 |a Sustainable development. 
650 0 |a Charcoal industry. 
791 2 |a Digitalia (Firm),  |e distributor. 
793 0 |g Digitalia eBook Collection:  |a Universidad Autónoma de Occidente 
856 4 0 |3 Digitalia Hispánica  |u https://www.digitaliapublishing.com/a/171304/ 
910 |a Premium collection: 2025